|
|
|
|
| LEADER |
01599nam a22003617a 4500 |
| 001 |
44506 |
| 003 |
BD-DhAAL |
| 005 |
20251202094311.0 |
| 008 |
251201t2023 enk||||| |||| 00| 0 eng d |
| 020 |
|
|
|a 9781035034444
|
| 020 |
|
|
|a 9781035023424
|
| 020 |
|
|
|a 9781035034437
|
| 040 |
|
|
|a BD-DhAAL
|c BD-DhAAL
|
| 041 |
1 |
|
|a eng
|h jpn
|
| 050 |
|
4 |
|a PL872.5.A85
|
| 082 |
0 |
0 |
|a 895.636
|2 23
|
| 100 |
1 |
|
|a kawaguchi, Toshikazu,
|d 1971-
|e author.
|9 58668
|
| 240 |
1 |
0 |
|a Sayonara mo ienai uchi ni
|
| 245 |
1 |
0 |
|a Before we say goodbye /
|c Toshikazu kawaguchi ; translated from the Japanese by Geoffrey Trousselot.
|
| 260 |
|
|
|a London :
|b Picador,
|c 2023.
|
| 300 |
|
|
|a 175 pages ;
|c 18 cm
|
| 490 |
1 |
|
|a Before the coffee gets cold ;
|v bk. 4
|
| 505 |
|
|
|a I. The husband -- II. The farewell -- III. The proposal -- IV. The daughter.
|
| 541 |
1 |
|
|a Donated by Farhana Zahir, Assistant Professor, BRAC Business School, BRAC University.
|e 44506
|
| 650 |
|
0 |
|a Coffeehouses
|z Japan
|z Tokyo
|v Fiction.
|9 58669
|
| 650 |
|
0 |
|a Time travel
|v Fiction.
|9 58670
|
| 650 |
|
0 |
|a Japanese fiction.
|
| 700 |
1 |
|
|a Trousselot, Geoffrey,
|e translator.
|9 58680
|
| 830 |
|
0 |
|a Before the coffee gets cold ;
|v bk. 4
|
| 852 |
1 |
|
|a Ayesha Abed library
|c General Stacks
|
| 942 |
|
|
|2 ddc
|c BK
|
| 999 |
|
|
|c 47667
|d 47667
|
| 952 |
|
|
|0 0
|1 0
|2 ddc
|4 0
|6 895_636000000000000_KAW
|7 0
|9 78574
|a BRACUL
|b BRACUL
|c GEN
|d 2025-12-01
|e Donated by Farahan Zahir, Assistant Professor, BRAC Business School, BRAC University
|l 0
|o 895.636 KAW
|p 3010044506
|r 2025-12-01
|t 1
|w 2025-12-01
|y BK
|x Donated by Farahan Zahir, Assistant Professor, BRAC Business School, BRAC University ; £9.99
|